000 00469nam a2200181Ia 4500
001 20432
005 20260306172806.0
008 260306t2017||||xx |||||||||||||| ||spa||
041 _aESP
082 _a343.2J
_bT81 T. 7
100 _aTribunal Constitucional del Perú
_eAUT
245 0 _aJurisprudencia relevante del Tribunal Constitucional
260 _c2017
300 _a792 páginas :
_c25 cm.
650 _aGEN
654 _aCDE
942 _cLIB
_dJUS
_fJUS
_2ddc
_n
999 _c20432
_d20432